000 00312nam a2200121Ia 4500
008 190216s9999||||xx |||||||||||||| ||und||
100 _aBarry Barnett E &wilson C L
245 0 _aInorganic Chemistry
260 _bThe English Language Book Society
_c1962
300 _a599p
650 _aChemistry
942 _cBK
999 _c1974
_d1974